00717nam a22001817a 4500003000900000008004100009040007100050082001700121100003000138245010700168260002400275300002800299440002800327505013800355650001700493650001200510650001300522AR-CdUCM190409b ||||| |||| 00| 0 spa d aMUNICIPALIDAD PROVINCIAL DEL CUSCOcBIBLIOTECA MUNICIPAL DEL CUSCO a657 / bO44  aOliver Castañer, Emilio aLa partida doble :bEstudios teóricos prácticos de contabilidad comercial al alcance de todos /  aBarcelona : b Noa, a592 páginas ;c27 cm. aBiblioteca de contador  aContabilidad : Consideraciones generales -- Deducciones -- Los tenedores de libros -- Vulgarización de la teneduría de libros ... aContabilidad aCiencia aFormulas